000 00385nam a2200169Ia 4500
003 OSt
008 191201s2011 xx 000 0 und d
020 _a9789388028332
082 _a005.133
_bRAC
100 _aRAJARAMAN, V.
245 0 _aComputer Programming in C
250 _a2nd Ed.
260 _c2024
_bPHI
_aNew Delhi
300 _a375
650 _aBCA CTIS
942 _2ddc
_cBK
999 _c12989
_d12989